00466nam a2200193 a 4500001001300000003000900013005001700022008004100039020001000080082001600090100001800106245001900124260003100143300000800174500003500182505001000217650002700227700001800254nice12345678IN_TiNIC20260116011515.0050524s0000 teha grp 000 0 per  ac10000a891.51bKOH aKohi, Kirmani aKhwaja Kirmani aTehranbKhawar Pressc0000 a88p aincludes index and biblioraphy2 aIndex aPersian Poetry-Kirmani1 aKohi, Kirmani